000
00276nam a22001097a 4500
082
_a
516.24 AYR'T
100
_a
AYRES, FRANK
_9
8744
245
_a
THEORY AND PROBLEMS OF PLANS AND SPHERICAL TRIGONOMETRY
260
_a
NEWYORK
_b
MCGRAW HILL
_c
1954
300
_a
207P
942
_c
BK
999
_c
582728
_d
582728